000 00600nam a2200229Ia 4500
003 OSt
005 20220928144347.0
006 a|||||r|||| 00| 0
007 ta
008 220927b |||||||| |||| 00| 0 eng d
024 _a65177
037 _cTextual
040 _aSDCL
_cSDCL
_beng
041 _2eng
_aeng
082 _aX:30j9, L3
100 _aCain Glen G
_9507700
245 0 _aIncome maintenance and labor supply.
260 _c1973
700 _a Watts Harold W Ed.
_9507701
942 _hX:30j9, L3
_cTEXL
_2CC
999 _c827155
_d827155